EPIC: The Musical - Monster - Statistics

General Stats
  • This quiz has been taken 256 times
  • The average score is 353 of 426
Answer Stats
Hint Answer % Correct
a
99%
be
99%
become
98%
I
98%
the
98%
Do
97%
monster?
97%
monster
97%
monster,
97%
CREW (Monster)
97%
if
95%
If
95%
men
95%
when
95%
When
95%
does
93%
Does
93%
me?
93%
then
93%
Then
93%
to
93%
an
92%
And
92%
and
92%
in
92%
In
92%
What
92%
what
92%
who
92%
Who
92%
friend
91%
Is
91%
is
91%
my
91%
so
91%
So
91%
ever
90%
he
90%
I'm
90%
kill
90%
us?
90%
us
90%
go
89%
on
89%
cyclops
88%
did
87%
Every
87%
we
87%
with
87%
all
86%
guilt?
86%
guilt
86%
has
86%
I'll
86%
know
86%
of
86%
Or
86%
our
86%
that
86%
am
85%
one
85%
up
85%
no
84%
right?
84%
his
83%
been
82%
by
82%
done
82%
got
82%
I've
82%
make
82%
middle
82%
night?
82%
ourselves?
82%
ourselves
82%
Penelope
82%
wrong?
82%
die
81%
end
81%
god
81%
him
81%
ODYSSEUS How
81%
lost
81%
she
81%
Telemachus
81%
witch
81%
again
80%
avenge
80%
But
80%
but
80%
it
80%
kills?
80%
knowing
80%
must
80%
pigs
80%
sleep
80%
her
79%
will
79%
learn
78%
protect
78%
turns
78%
we'll
78%
well
78%
home
77%
infant
77%
nymphs
77%
against
76%
became
76%
colder
76%
down
76%
get
76%
insane?
76%
older
76%
pain?
76%
see
76%
them
76%
this
76%
turned
76%
another
75%
doing
75%
drop
75%
everything
75%
something
75%
struck
75%
along?
74%
don't
74%
from
74%
need
74%
now
74%
respect
74%
save
74%
time
74%
wall
74%
endless?
73%
going
73%
he's
73%
keep
73%
suffering
73%
where
73%
can't
72%
dares
72%
deep
72%
drown
72%
gone,
72%
horse
72%
mentor,
72%
mercy
72%
mom
72%
off?
72%
piss
72%
ruthlessness
72%
scared
72%
soldier
72%
upon
72%
hiding
71%
ODYSSEUS Oh,
71%
ODYSSEUS Oh
71%
Would
71%
would
71%
best
70%
change?
70%
comes
70%
crossed
70%
killed
70%
line
70%
lives
70%
makes
70%
only
70%
that's
70%
too
70%
away
69%
check
69%
fleet
69%
foes
69%
haven't
69%
through
69%
500
68%
dangerous
68%
deal
68%
everyone
68%
far
68%
instant
68%
kind
68%
Poseidon
68%
problem
68%
saves
68%
sea
68%
reunite
67%
you
67%
more
66%
oceans
66%
sail
66%
those
66%
use
66%
vile?
66%
whose
66%
won't
66%
across
65%
blow
65%
reach
65%
sleeping
65%
stronger?
65%
threat
65%
threw
65%
'cause
64%
greatest
64%
find
63%
at
62%
known
62%
ODYSSEUS Like
62%
surrounded
62%
Trojans
62%
Bay?
61%
care
61%
souls
61%
throw
61%
estranged?
60%
gotta
60%
guile
59%
remorse
59%
we're
58%
beaches
57%
caved
57%
sure
56%
ODYSSEUS Lurking
55%
below?
54%
made
53%
unjust?
53%
none
50%
they've
50%
Whatif
43%
woodem
5%
No matching quizzes found
Score Distribution
Percent of People with Each Score
Percentile by Number Answered
Your Score History
You have not taken this quiz